000 00340nam a2200133Ia 4500
008 240624s9999 xx 000 0 und d
041 _aeng
082 _a658 SOU
100 _aSOUNDERING STEPHEN
245 _aMANAGEMENT 101 FROM HIRING AND FIRING TO
260 _c2017
_aNew York
_bAdams Media
300 _a240 P.; 17 cm
365 _c
_b33
999 _c32315
_d32315